000 01328cam a22003014a 4500
001 12268937
003 ARRUPE
005 20141101020007.0
008 010103s2001 enk b 001 0 eng
010 _a 2001016291
020 _a0199243786 (alk. paper)
020 _a0199243794 (pbk. : alk. paper)
040 _aDLC
_cDLC
_dDLC
042 _apcc
050 0 0 _aBD212
_b.S95 2001
100 1 _aSwinburne, Richard.
_93983
245 1 0 _aEpistemic justification /
_cRichard Swinburne.
260 _aOxford :
_bClarendon Press ;
_aNew York :
_bOxford University Press,
_c2001.
300 _avi, 262 p. ;
_c24 cm.
504 _aIncludes bibliographical references and index.
650 0 _aJustification (Theory of knowledge)
_93984
856 4 1 _3Table of contents only
_uhttp://www.loc.gov/catdir/enhancements/fy0612/2001016291-t.html
856 4 2 _3Publisher description
_uhttp://www.loc.gov/catdir/enhancements/fy0612/2001016291-d.html
856 4 2 _3Contributor biographical information
_uhttp://www.loc.gov/catdir/enhancements/fy0724/2001016291-b.html
906 _a7
_bcbc
_corignew
_d1
_eocip
_f20
_gy-gencatlg
942 _2lcc
_cMONOGRAPH
_01
999 _c118722
_d118722